00331pab a2200133 454500008004000000100001400040245005700054260000900111300001000120362001100130650001500141700002800156773001300184180718b1985 xxu||||| |||| 00| 0 eng d aSingh, P. aConflict management strategy a scenario of avoidance c1985 a57-84 aAutumn aManagement aMS. Kokila Parthasarthy aAbhijyan